Emergency management planning handbook / (Record no. 2009)

MARC details
000 -LEADER
fixed length control field 00543cam a2200169 a 4500
020 ## - INTERNATIONAL STANDARD BOOK NUMBER
ISBN 0070576351 (recycled, acidfree paper)
050 00 - CALL NUMBER
Classification number HV551.3
Item number .S55
100 1# - AUTHOR
Personal name Sikich, Geary W.
245 10 - TITLE
Title Emergency management planning handbook /
Statement of responsibility, etc Geary W. Sikich.
260 ## - PUBLICATION INFORMATION
Place of publication New York :
Name of publisher McGraw-Hill,
Year of publication c1996.
300 ## - DESCRIPTION
Number of Pages xvii, 484 p. ;
Dimensions 24 cm.
500 ## - NOTES
General note Includes index
505 ## - FORMATTED CONTENTS NOTE
Table of Content 1. Planning: critical aspects<br/>2. All hazards emergency management<br/>3.
650 #0 - SUBJECTS
Topical Term Emergency management
650 #0 - SUBJECTS
Topical Term Crisis management
942 ## - ADDED ENTRY ELEMENTS (KOHA)
Koha item type Books
Holdings
Withdrawn status Lost status Collection code Home library Current library Shelving location Date acquired Full call number Accession Number Koha item type
    Reference Methodist University Library Main Methodist University Library Main General Stacks 24/08/2000 HV551.3 .S55 10808 Books
    Reference Methodist University Library Main Methodist University Library Main General Stacks 24/08/2000 HV551.3 .S55 10676 Books
      Methodist University Library Main Methodist University Library Main General Stacks 24/08/2000 HV551.3 .S55 10810 Books
Copyright © 2026  MUG Library